عدالة وفن : (Record no. 12383)
[ view plain ]
| 000 -الفاتح | |
|---|---|
| حقل البيانات ثابتة الطول | 00966nam a22002897a 4500 |
| 003 - محدد رقم الضبط | |
| رقم الضبط | EG-ScBUE |
| 005 - وقت وتاريخ اخر تعامل مع التسجيلة | |
| رقم الضبط | 20210210095354.0 |
| 008 - عناصر البيانات ثابتة الطول - معلومات عامة | |
| حقل البيانات ثابتة الطول | 090721s2006 ua f 000 j ara d |
| 017 ## - رقم الإيداع القانونى | |
| رقم الإيداع القانونى | 2005/13926 |
| 020 ## - الرقم الدولى المعيارى للكتب | |
| الرقم الدولى المعيارى للكتاب | 9770913065 |
| 040 ## - مصدر الفهرسة | |
| وكالة الفهرسة الأصلية | EG-ScBUE |
| لغة الفهرسة | ara |
| قواعد الوصف | rda |
| وكالة النسخ | EG-ScBUE |
| وكالة التعديل | EG-ScBUE |
| 082 04 - رقم تصنيف ديوى العشرى | |
| رقم التصنيف | 892.736 |
| رقم المادة | ح ك ي |
| رقم الطبعة | 22 |
| 100 1# - المدخل الرئيسى - إسم شخصى | |
| الإسم الشخصى | الحكيم، توفيق، |
| التواريخ المصاحبة للاسم | 1898-1987، |
| الدور | مؤلف. |
| 245 10 - بيان العنوان | |
| العنوان | عدالة وفن : |
| بقية العنوان | / قصص قصيرة |
| بيان المسئوليه,etc | توفيق الحكيم. |
| 250 ## - بيان الطبعة | |
| بيان الطبعة | الطبعة الأولى. |
| 264 #1 - النشر، التوزيع | |
| مكان الناشر او الموزع | القاهرة : |
| اسم الناشر او الموزع | دار الشروق، |
| تاريخ النشر أو التوزيع | 2006. |
| 300 1# - الوصف المادى | |
| التعداد | 175 صفحة ؛ |
| أبعاد الوعاء | 17 سم. |
| 336 ## - نوع المحتوى | |
| source | rdacontent |
| Carrier Type Term | نص |
| Content Type Code | txt |
| 337 ## - نوع الوسيط | |
| source | rdamedia |
| Media Type Term | بدون وسيط |
| Media Type Code | n |
| 338 ## - نوع الحامل أو الناقل | |
| source | rdacarrier |
| Carrier Type Term | مجلد |
| Carrier Type Code | nc |
| 490 0# - بيان السلسلة | |
| عنوان السلسلة | القصص |
| 650 #7 - المدخل الاضافى بالموضوع-مصطلح موضوعى | |
| 9 (RLIN) | 8088 |
| مصطلح موضوعي أو اسم جغرافي كعنصر مدخل | القصص العربية القصيرة |
| التقسيم الفرعي الجغرافي | مصر |
| التقسيم الفرعي الزمني | قرن 20. |
| مصدر الرأس أو المصطلح | BUEsh |
| 651 ## - المدخل الاضافى بالموضوع - اسم جغرافى | |
| مصدر الرأس أو المصطلح | BUEsh |
| 653 ## - مصطلح تكشيفى غير مقيد | |
| Resource For college | Arabic Literature |
| Arrived date list | April2012 |
| 655 ## - مصطلح تكشيفى-نوع/شكل | |
| التقسيم الفرعي الشكلي | Reading book |
| -- | 34232 |
| 942 ## - عناصر المدخل الإضافي( كوها) | |
| مصدر التصنيف او مخطط الترفيف | Dewey Decimal Classification |
| Koha [default] item type | Book - Borrowing |
| حالة التراجع | حالة الفقد | مصدر التصنيف او خطة الترفيف | تحديد مواد ( مجلدات مجمعه أو جزء أخر) | حالة تلف | ليس للاعارة | مجموعات كوها | المكان الدائم | المكان الحالي | موقع الترفيف | تاريخ الاكتساب | رقم الاستدعاء | الباركود | Date last seen | نوع الوعاء | مُعار | تبصرة عامة |
|---|---|---|---|---|---|---|---|---|---|---|---|---|---|---|---|---|
| Lost | Dewey Decimal Classification | Lost In Inventory_2015-8-23 | Alef-Baa | Central Library | Central Library | Second Floor | 21/07/2009 | 892.736 ح ك ي | 000017398 | 21/07/2009 | Book - Borrowing | |||||
| Dewey Decimal Classification | Alef-Baa | Central Library | Central Library | Group Study Rooms | 21/07/2009 | 892.736 ح ك ي | 000017394 | 15/07/2025 | Book - Borrowing | 21/02/2022 | Room (R) - توفيق الحكيم | |||||
| Dewey Decimal Classification | Alef-Baa | Central Library | Central Library | Group Study Rooms | 21/07/2009 | 892.736 ح ك ي | 000017393 | 15/07/2025 | Book - Borrowing | 20/02/2022 | Room (R) - توفيق الحكيم |